00470nam a22001577a 450000500170000000800410001702000260005804100150008408200130009910000290011224500370014125000200017826000560019830000330025465000250028720231123063536.0231123b |||||||| |||| 00| 0 eng d a409067008 ; 409067016 aAfrikaans  a342 WIE  aWiechers, M lAfrikaans  aAdministratiefreg /cM Wiechers  aEerste Uitgawe  aDurban : bButterworth en Kie (SA) Edms Bpk, c1973 bxxxii, 356 pages ; c26 cm.  aLegal practice bLaw